Loreto College Library, Kolkata
WEBOPAC (ONLINE PUBLIC ACCESS CATALOGUE)

Text and supertext in Ibsen's drama (Record no. 19244)

MARC details
000 -LEADER
fixed length control field 00663nam a2200217Ia 4500
005 - DATE AND TIME OF LATEST TRANSACTION
control field 20230320142612.0
008 - FIXED-LENGTH DATA ELEMENTS--GENERAL INFORMATION
fixed length control field 131103s9999 xx 000 0 und d
020 ## - ISBN | অাই এস বি এন
ISBN | অাই এস বি এন 271006447
PRICE Rs 595
040 ## - CATALOGING SOURCE
Original cataloging agency Loreto College
041 ## - LANGUAGE CODE
Language code English
082 ## - DDC | ডিউই
Classification number | বর্গসংখ্যা 822.8
Book Number | গ্রন্থাঙ্ক IBS-JOH
100 ## - MAIN ENTRY--PERSONAL NAME | মুখ্য সংলেখ - ব্যাক্তিনাম
Personal name | ব্যাক্তিনাম Johnston, Brian
245 ## - TITLE STATEMENT | অাখ্যা বিবরণী
Title | অাখ্যা Text and supertext in Ibsen's drama
Statement of responsibility | লেখকের দায়িত্বের বিবরণ Brian Johnston
260 ## - IMPRINT | প্রকাশনা ক্ষেত্র
Place of publication | প্রকাশ স্থান University Park and London
Name of publisher | প্রকাশকের নাম The Pennsylvania State University Press
Date of publication | প্রকাশ কাল 1989
300 ## - PHYSICAL DESCRIPTION |
Page / Vol. No | পৃষ্ঠা / খন্ড সংখ্যা viii,299p
504 ## - BIBLIOGRAPHY, ETC. NOTE
Bibliography, etc Includes bibliography and index
650 ## - SUBJECT ADDED ENTRY--TOPICAL TERM | বিষয় শিরোনাম - মূল বিষয়
Topical term | মূল বিষয় Ibsen, Henrik, 1828-1906
651 ## - SUBJECT ADDED ENTRY--GEOGRAPHIC NAME | বিষয় শিরোনাম - ভৌগলিক নাম
Geographic name | ভৌগলিক বিষয় Ibsen, Henrik-Criticism and interpretation
850 ## - HOLDING INSTITUTION
Holding institution LCLIB
942 ## - ADDED ENTRY ELEMENTS (KOHA)
Koha item type Books
Holdings
Withdrawn status Lost status Source of classification Damaged status Not for loan Home library Current library Date acquired Total Checkouts Full call number Accession No. Date last seen Date checked out Price effective from Koha item type Coded location qualifier
    Dewey Decimal Classification     Loreto College Loreto College 04/11/2013 6 822.8 IBS-JOH 46310 B20242 26/02/2026 16/02/2026 04/11/2013 Books